000 00691nam a22002177a 4500
999 _c2415
_d2415
003 AR-CdUCM
008 190304b ||||| |||| 00| 0 spa d
020 _a84-02-07207-0
040 _aMUNICIPALIDAD PROVINCIAL DEL CUSCO
_cBIBLIOTECA MUNICIPAL DEL CUSCO
082 _a869.634 /
_bG22
100 _aGarcía Marquez, Gabriel
_9490
245 _aEl Coronel no tiene quién le escriba /
260 _aEspaña :
_bBruguera ;
_c1980.
300 _a144 páginas
_c18cm
440 _aColección de Literatura Universal Bruguera
_n24
_98672
505 _aNovela
650 _aLiteratura colombiana
_98673
650 _aLiteratura latinoamericana
_96194
942 _2ddc
_cLIBROS
945 _anom